Sistema de información para la gerencia médica sobre los servicios médicos de la Caja Costarricense de Seguro Social

Salvato in:
Dettagli Bibliografici
Autore principale: Burbano de Lara Truque, Carmen
Altri autori: Espinoza Víquez, Ana Lorena, Lara Zúñiga, Helena
Natura: Libro
Pubblicazione: San José, Costa Rica 1989
Soggetti:
Tags: Aggiungi Tag
Nessun Tag, puoi essere il primo ad aggiungerne!!

MARC

LEADER 00000nam a2200000Ia 4500
003 007318
005 20221231144307.0
008 140114s1989 cr a m 000 ||s d
040 |c cru CEDI 
090 |a TFG 3049 
100 |a Burbano de Lara Truque, Carmen  |9 11540 
245 |a Sistema de información para la gerencia médica sobre los servicios médicos de la Caja Costarricense de Seguro Social 
260 |c 1989  |a San José, Costa Rica 
300 |a LIII, 262 hojas : ilustraciones 
500 |a Proyecto de graduación (licenciatura en ingeniería industrial)--Universidad de Costa Rica. Facultad de Ingeniería. Escuela de Ingeniería Industrial 
650 |x SERVICIOS DE SALUD  |x CALIDAD DE LA ATENCION DE SALUD  |x CAJA COSTARRICENSE DE SEGURO SOCIAL  |x CAJA COSTARRICENSE DE SEGURO SOCIAL.. GERENCIA MEDICA.  |9 11543 
700 |9 11541  |a Espinoza Víquez, Ana Lorena 
700 |9 11542  |a Lara Zúñiga, Helena 
942 |c TFG 
999 |c 19700  |d 19700